00381nam a2200121 a 4500001000500000005001700005008004100022050001700063100002000080245004400100999001900144952009600163414020140414132034.0090218s19uu xx 00 eng d aTRbR72 1996 aDe Groat, Diane aRoses are pink, your feet really stink. c113689d113689 001040aMUbMUcTRd2009-02-18l0oTR R72 1996pM5307r2014-04-14 00:00:00w2014-04-14yBK